Campeões do Campeonato Gaúcho - Statistics

Estatísticas Gerais
  • Esse quiz foi jogado 50 vezes
    4 desde o último reset
  • A pontuação média é 100 de 107
Estatísticas das Respostas
Ano Cidade do Clube Campeão Campeão % Correto
1918 Pelotas-RS, Santana do Livramento-RSe Cachoeirinha-RS Brasil de Pelotas, Cruzeiro-RSe 14 de Julho
100%
1998 Caxias do Sul-RS Esporte Clube Juventude
100%
2017 Novo Hamburgo-RS Esporte Clube Novo Hamburgo
100%
1919 Pelotas-RS Grêmio Esportivo Brasil
100%
1921 | 1922 | 1926 | +40 others Porto Alegre-RS Grêmio Foot-Ball Porto Alegrense
100%
2000 Caxias do Sul-RS Sociedade Esportiva e Recreativa Caxias do Sul
100%
1927 | 1934 | 1940 | +43 others Porto Alegre-RS Sport Club Internacional
100%
1930 Pelotas-RS Esporte Clube Pelotas
75%
1920 | 1938 Bagé-RS Guarany Futebol Clube
75%
1929 Cachoeirinha-RS Esporte Clube Cruzeiro
50%
1925 Bagé-RS Grêmio Esportivo Bagé
50%
1954 Porto Alegre-RS Grêmio Esportivo Renner
50%
1936 Rio Grande-RS Sport Club Rio Grande
50%
1939 Rio Grande-RS Football Club Riograndense
25%
1935 Pelotas-RS Grêmio Atlético Farroupilha
25%
1937 Santana do Livramento-RS Grêmio Foot-Ball Santanense
25%
1928 Porto Alegre-RS Sport Club Americano
25%
1933 Rio Grande-RS Sport Club São Paulo
25%
2026 Porto Alegre-RS Grêmio Foot-Ball Porto Alegrense
0%
Nenhum quiz correspondente encontrado
Distribuição das Pontuações
Porcentagem de Pessoas com Cada Pontuação
Percentil de Números Respondidos
Sua Pontuação Histórica
Você não jogou esse quiz desde o último reset